Discographie Werenoi - Statistiques

Statistiques générales
  • Ce quiz a été pris 1 543 fois
    1 201 depuis la dernière actualisation
  • Le résultat moyen est 36 sur 76
Statistiques - réponses
Telegram % Correct
17 Chemin d'or
79%
3 Pyramide (ft. Damso)
76%
6 Laboratoire
72%
7 Tu connais
69%
3 Ciao (ft. Ninho)
67%
1 Intro Rolex
65%
4 CR
64%
14 3 singes (ft. Ninho)
63%
10 Solitaire
63%
2 Jamal
62%
5 Mauvaise
61%
La League
59%
2 Maison hantée
59%
Mélanine
59%
11 Selfie (ft. Maes)
59%
10 Maudit (ft. Hamza)
56%
17 Chemin de diamant
55%
5 Dans un verre (ft. SDM)
55%
14 Escorte (ft. PLK)
55%
PHOTO
55%
8 Tout seul (ft. Tiakola)
55%
18 10.03.2023
53%
CORDILLÈRE
53%
13 All eyes on me
51%
1 Intro Morphée
51%
2 Magot (ft. SCH)
51%
2 Téléphérique
51%
1 Vulgaire
50%
5 Grisaille
49%
6 Location
49%
8 Chaleur (ft. Aya Nakamura)
48%
Scarface
48%
3 Crédibilité
46%
15 Faf
46%
14 La vie de star (ft. Maes, SCH)
46%
Tucibi
46%
Senor de los Gallos
45%
7 Virus
45%
4 Animal
44%
4 Balmain
44%
11 FBI
44%
19 Millionnaire
44%
12 Ordinateur
44%
16 16.02.2024
43%
12 Nos labels c'est du papel (ft. Lacrim)
43%
8 3x filtré
42%
13 Boussole
42%
Derek
42%
4 Figaro
42%
8 Sale histoire (ft. Rimkus)
42%
11 Satan 2
42%
Guadalajara
41%
1 Rolls Royce
41%
Under Armour
40%
9 Je suis en moto
39%
7 Ndrangheta
39%
16 Rude Boy
39%
Ali
38%
La vie de César
38%
6 7 vie la
37%
9 L'ancien
37%
5 Le sas
37%
ON EN REPARLERA
37%
10 Vroum Vroum
37%
Fort
36%
15 Salaire
36%
12 Casse bélier
35%
9 Déjà vu
35%
6 Les codes
35%
9 17
34%
3 Bang
34%
Criminel
34%
13 Picasso
34%
7 Témoin
34%
Des ténèbres
32%
Carré d'as
23%
Aucun quiz correspondant
Distribution des résultats
% des personnes avec chaque résultat
Percentile par nombre de réponses
Votre historique - résultats
Vous n’avez pas pris ce quiz depuis la dernière actualisation